The triumph of the therapeutic : (Record no. 1192)

MARC details
000 -LEADER
fixed length control field 00418nam a2200157 a 4500
005 - DATE AND TIME OF LATEST TRANSACTION
control field 20260322212050.0
008 - FIXED-LENGTH DATA ELEMENTS--GENERAL INFORMATION
fixed length control field data
090 ## - LOCALLY ASSIGNED LC-TYPE CALL NUMBER (OCLC); LOCAL CALL NUMBER (RLIN)
Classification number (OCLC) (R) ; Classification number, CALL (RLIN) (NR) BD 450 R443t 1966
001 - CONTROL NUMBER
control field data
100 1# - MAIN ENTRY--PERSONAL NAME
Personal name Rieff, Philip,
Dates associated with a name 1922-
245 14 - TITLE STATEMENT
Title The triumph of the therapeutic :
Remainder of title uses of faith after Freud /
Statement of responsibility, etc. Philip Rieff.
250 ## - EDITION STATEMENT
Edition statement 1st ed.
260 ## - PUBLICATION, DISTRIBUTION, ETC.
Place of publication, distribution, etc. New York
Name of publisher, distributor, etc. Harper & Row
Date of publication, distribution, etc. p1966
300 ## - PHYSICAL DESCRIPTION
Extent 274 p.
650 #4 - SUBJECT ADDED ENTRY--TOPICAL TERM
Topical term or geographic name entry element Philosophical anthropology.
Holdings
Withdrawn status Lost status Damaged status Not for loan Home library Current library Shelving location Date acquired Total checkouts Full call number Barcode Date last seen Price effective from Koha item type
        Pleasant Valley Pleasant Valley General stacks 22/03/2026   GEN BC0011231 22/03/2026 22/03/2026 Books